| 000 | 00540nam a22002177a 4500 | ||
|---|---|---|---|
| 001 | 347 | ||
| 003 | FISKH | ||
| 005 | 20250818161823.0 | ||
| 008 | 230328b cb ||||| |||| 00| 0 eng d | ||
| 040 |
_aFISKH _beng _cFISKH _dFISKH |
||
| 082 | _a398.2 | ||
| 100 | _aAnderson, Helen | ||
| 245 | _aHansel and Gretel | ||
| 260 |
_aHertfordshire : _bMake Believe Ideas ltd. _c2015. |
||
| 300 |
_a16 leaves of plates. _c18 cm. |
||
| 505 | _aG | ||
| 521 | 8 |
_a500
_bLexile |
|
| 521 | 8 |
_aG
_bRaz-Plus |
|
| 650 | _afairy tales | ||
| 942 |
_2ddc _cBK _n0 |
||
| 999 |
_c347 _d347 |
||